000 00362 a2200121 4500
005 20240408162357.0
008 240408b |||||||| |||| 00| 0 eng d
020 _a9789390869930
100 _aJoshi L.
_9113850
245 _aप्राचीन भारताचा उज्वल इतिहास
260 _bVishwakarma Publication
_c2021
942 _cBK
999 _c357216
_d357216